00880nam a2200205 a 450000100100000000500170001000800410002702000180006804000250008624501980011126001010030930000210041049000220043150000140045370000220046770000330048983000300052295201050055299900170065700003722520200930080224.0120309s2011 dr 000 0 spa d a9788484895183 aDO-SdBNPbspacBNPHU00aPertenencia y alteridad :bjudíos en/de América Latina : cuarenta años de cambios /cHaim Avni ... [et al.] (coordinadores) ; traducción y supervisión de estilo, Florinda F. Goldberg. aMadrid :bIberoamericana ; Frankfurt am Main : Vervuert ; México, D. F. onilla Artigas,c2011. a870 p. ;c24 cm.1 aTiempo emuladv13 aÍndices1 aAvni, Haim9636361 aGoldberg, Florinda F.963637 0aTiempo emuladov13963638 0010718PDaGRbGRcCTd2012-03-09iLF1l0o p37225-10r2020-06-25w2020-06-25yLFPDZNo se presta c36715d36715